Pozdě k ránu /

Main Author: Hlaváček, Karel, 1874-1898
Other Authors: Čák, Radek, 1982-
Language: Czech
Published: Brno : Tribun EU, 2010
Edition: V Tribunu EU vyd. 1.
Series: Knihovnicka.cz
Physical Description: 58 s. : il. ; 15 cm
Book
Saved in:
LEADER 01435nam a2200421 a 4500
001 nkc20071783707
003 CZ PrNK
005 20110218155956.0
007 ta
008 101112s2010 xr a g 000 p cze
015 |a cnb001783707 
020 |a 978-80-7399-209-5  |q (brož.) 
035 |a (OCoLC)707606912 
040 |a ABA001  |b cze  |d OLA001 
072 7 |a 821.162.3-1  |x Česká poezie  |2 Konspekt  |9 25 
080 |a 821.162.3-1  |2 MRF 
080 |a (0:82-14)  |2 MRF 
080 |a (0:82-1/-3)  |2 MRF 
100 1 |a Hlaváček, Karel,  |d 1874-1898  |7 jk01041213  |4 aut 
245 1 0 |a Pozdě k ránu /  |c Karel Hlaváček ; [ilustroval Radek Čák] 
250 |a V Tribunu EU vyd. 1. 
260 |a Brno :  |b Tribun EU,  |c 2010 
300 |a 58 s. :  |b il. ;  |c 15 cm 
490 1 |a Knihovnicka.cz 
655 7 |a česká poezie  |7 fd133958  |2 czenas 
655 7 |a lyrická poezie  |7 fd132781  |2 czenas 
655 7 |a poezie v próze  |7 fd131938  |2 czenas 
655 9 |a Czech poetry  |2 eczenas 
655 9 |a lyric poetry  |2 eczenas 
655 9 |a prose poems  |2 eczenas 
700 1 |a Čák, Radek,  |d 1982-  |7 ola2009488173  |4 ill 
830 0 |a Knihovnicka.cz  |0 s 
910 2 |a BOA001  |b S-1259.036 
990 |a BK 
995 |a 01 
991 |b 201102  |e b 
996 6 |b 2610460505  |c S-1259.036  |l MZK  |r Sklad / do 24 hodin  |n 2  |p p.v.  |w 001165152  |u 000010  |a 1  |e BOA001  |j MZK50  |s P 
996 6 |b 2610460506  |c S-1259.036  |l MZK  |r Sklad / do 24 hodin  |n 1  |p p.v.  |w 001165152  |u 000020  |a 1  |e BOA001  |j MZK50  |s P